Statistics for Geometry Dash Easy Demons Part 1

Click here to take the quiz!

General Stats

  • This quiz has been taken 23 times
    (7 since last reset)
  • The average score is 27 of 500

Answer Stats

HintAnswerSong% Correct
timeless realTHE LIGHTNING ROADDry Out
100%
JaxThe NightmarePolargeist
100%
IIINePtunEIIIClutterfunk v2Clutterfunk
80%
M2coLdemon parkTime Machine
80%
TriaxisXHolography - garlagan
80%
IIINePtunEIIIXstep v2xStep
80%
PotatoBabyStereo-Stereophonic Sound- by Waterflame
60%
JaxSuper CyclesCycles
60%
IIINePtunEIIITheory of every v2Theory of Everything
60%
- (Hint: The
machine of the
funny number)
69 machineStereo Madness
40%
TriAxisDear NostalgistsOkiba Crackdown - Bossfight
40%
CausticDeath MoonDeath Moon - SoundHolicK
40%
Rek3dgeDeCode-Endgame- by Waterflame
40%
TecDemon MixTime Machine
40%
IIINePtunEIIIElectroman Adven v2Electroman Adventures
40%
haoNExtinctionPyrolysis (Original Mix) - KaixoMusic
40%
- (Hint: what is
the mid demon
difficulty)
HARD DEMONTheory of Everything
40%
Raferin SilicoNuclear Flash (Mega Man 2) - zirconmusic
40%
LyodLights And ThunderElectrodynamix
40%
DudexMirror ForceInvincible - DEAF KEV
40%
PauzeNReversed - NeonRage
40%
Jerry Bronze VPlatinum Adventure-Endgame- by Waterflame
40%
- (Hint: Who is the
developer)
robtopClutterfunk
40%
ChaSeSidestepSidestep - AeronMusic
40%
TheRealSaladSpeed of LightAt the Speed of Light - Dimrain47
40%
ZenthicAlphaSpeed RacerChaoz Impact - ParagonX9
40%
Andromeda GMDThe Robotic RushFlirt Flirt Oh It Hurts - Bossfight
40%
FerdefunkyTractionDanque - BoomKitty
40%
schadyVibrationShattered - MafiaPineapple
40%
TheRealDarnocyStepxStep
40%
NeoSweetABCDEFGHIJKLMNOPQRS30.000 - ColBreakz
20%
nasgubbAirtimeNow Were Talkin - MadhouseDUDE
20%
MasK463Apocalypse EveTime Machine
20%
TheRealDarnocBionic ButtonBionic Belly Button - Bossfight
20%
LaZyeBlue HellHelix - Archetype
20%
Rob BuckBuck ForceHexagon Force
20%
f3lixsramBuried AngelArchangel - OfficialNovacore
20%
LincoButterfly Effect-=My Future=- viewtifulday
20%
Ezel142CadenceTeam A - MadhouseDUDE
20%
Iid4sh3riIchaoz impactChaoz Impact - ParagonX9
20%
TheRealDarnocChaoz ImpactChaoz Impact - ParagonX9
20%
FerdefunkyChord Cutter- Chord Cutter - by BoomKitty
20%
MasK463CrescendoTheory of Everything
20%
TheRealDarnocCrunchy AppleWobbly Tooth, Crunchy Apple - Bossfight
20%
alkalidarker dropDetonate - csx42gaming
20%
LaZyeDark HellAt the Speed of Light - Dimrain47
20%
-demon jumperJumper
20%
RealOggYdemon mixedTime Machine
20%
DORABAEdorabaedifficult4Electrodynamix
20%
SharksEarthquakeEarthquake - Teminite
20%
TamaNEndorphin RushEndorphins - DuoCore
20%
BlueLiteFingerdash v2Fingerdash
20%
DudexFire levelPower Trip - BoomKitty
20%
PollapoFive nights Pollapo{Midnight} - cornandbeans
20%
MrPPsFREEDOMReality Check Through The Skull - DMDOKURO
20%
FunnyGameGenesisTheory of Everything
20%
MylonHorizonThis Game RmX Off Vocal - dj-Jo
20%
DarwinHyperionDetonate - csx42gaming
20%
Experience DIce of dawnPolargeist
20%
NiTro451Impact XChaoz Impact - ParagonX9
20%
MrCheeseTigrrImpulseTheory of Everything
20%
GlittershroomInsomniaFijiwiji - Insomnia (F-777 RMX)
20%
DakoInsomniaFijiwiji - Insomnia (F-777 RMX)
20%
- (Hint: Clubstep
but invisible)
invisible clubstepClubstep
20%
- (Hint: What is
Jumper +
Clubstep)
JumpStepClubstep
20%
TrueNatureLaser RoomClubstep
20%
GD JoseMetal CrusherMetal Crusher (Rmx v.2) Loop - Djjaner
20%
TamaNMotionPursuit - BoomKitty
20%
DhafinProblematicProblematic - Rukkus
20%
M2coLpsychic escapeClutterfunk
20%
Nacho21Retro CirclesNK - Nine Circles (Xtrullor Remix)
20%
DanzmenRunning in the 90sRunning In The 90s RMX - Dj-Rec0il
20%
DanzmenSlap SquadSlap Squad - Dexarson
20%
DanzmenSlap Squad IIFollow me Remix - Fantomenk
20%
PotatoBabySparkLittle Flame - Lethalix
20%
dispStar ChaserGreen With Me - EnV
20%
- (Hint: what is
Stereo Madness+
ElectroDynamix?)
StereodynamixElectrodynamix
20%
- (Hint: Stereo
Madness but all
white)
Stereo WhitenessStereo Madness
20%
DanolexTabbyTabby - AzazalEDM
20%
nasgubbTakeoffJet Set - MadhouseDUDE
20%
PetonThe Seven SeasSail Ahoy - MadhouseDUDE
20%
AeonAirtime pressureElectrodynamix
20%
-To the GraveTime Machine
20%
XaroToxin Lab IISupernova - Xtrullor
20%
RlolTrump CirclesThe Great Trump Wall - steampianist
20%
iIiRulasiIiUltra ParacosmParacosm - Xtrullor
20%
nasgubbVoyagerWarpspeed - Akopa
20%
DavJTWILDI Can't Fix You Feat. Crusher-P - TheLivingTombstone
20%
DanzmenWild WestKarma (feat. Albert Hyrnen) - Xtrullor
20%
lumpywowzers holyMetal Crusher (Rmx v.2) Loop - Djjaner
20%
-11 Demon EAElectroman Adventures
0%
-12 ClutterfunkClutterfunk
0%
DamianosKabanosAbandoned HellSSJ3 - Nuclear Fusion REDUX
0%
motleyorcABATESlowing Down - garlagan
0%
BEkID1442absolute zeroxStep
0%
ViPriNAbyssal RuinsElectroman Adventures
0%
ViPriNAccelerandoElectrodynamix
0%
ZubWillAccelerate---Accelerate--- by Acid-Notation
0%
YunHaSeu14Active Factory 2Clutterfunk
0%
ZenthicAlphaActive InteractionClutterfunk
0%
f3lixsramAdustAdust - Bossfight
0%
ZenthicAlphaAftermathClutterfunk
0%
GuraNuSAfterShockEarthsplitter - Xtrullor
0%
WerewolfGDAfterwolfSnow - cloudfield
0%
distorttAkedo TokyoTokyo Takedown - BoomKitty
0%
PwnzifiedAlfheimSAO - Crossing Field RMX - djahmusic
0%
AnnonAlgorithmic-conclusion- by Waterflame
0%
DeniPolAloe and VeraDexarson - Bipolar (Bossfight Remix)
0%
AutoNickAlphastormRock Thing - CreoMusic
0%
HyenaedonAmbition-Velocity Wings- by Waterflame
0%
LemonsAnarchyDEV-BassDownLow Remix - Rukkus
0%
LemonsAnatomicEminence - Geoplex
0%
PauzeAndromedaZedd - Ignite (cloudfield Bootleg)
0%
CrispinusA new systemSystem Split - F-777
0%
Jbeast15AnGelSAngels - DJVI
0%
BransilverAnother Easy DemonShredageddon - BoomKitty
0%
JaasimAnte MeridiemImpulse - garlagan
0%
WerewolfGDApexwolfPeer Gynt - cYsmix
0%
ReYzenApocalypticHoly War - BoomKitty
0%
MaJackOApologiestPolargeist
0%
LemonsAquamarineEnduring - Geoplex
0%
dudleyArchetypeHelix - Archetype
0%
xSkylighterAstral FieldCosmic Dreamer by Djjaner
0%
AgilsAstro RushO-oh hi-i t-there, J-J-Jaclyn - DjHoneyb
0%
VermillionAsylumxStep
0%
FunnyGameAtlasTheory of Everything
0%
CodexAt PassIntercept 2 - dj-Nate
0%
Experience DAtrocities AreaBase After Base
0%
-Bad touchCycles
0%
swfcapslock2BanetteSquid Melody (Red Version) - TheLivingTombstone
0%
GameForGameBass KnightBass Knight - BoomKitty
0%
- (Hint: not a
white park but
a...)
Black ParkTheory of Everything
0%
KuraiYonakaBlastXBlast Processing
0%
CodexBlenderSpaghetti On The Side - Stratales
0%
LemonsBlitzEmpower - csx42gaming
0%
F5nightBoreal LightsThe One Who Flies - Xtrullor & HeliXiX
0%
Nico99Bosshunter-Bosshunter- by Waterflame
0%
BlueRimzBreakZGold Ring - ColBreakz
0%
RealZoberBrillianceSonder - Bossfight
0%
LucorafBye bye Mr GawneBe Gone Mr. Gawne - Bossfight
0%
CthuluCapricious Accord3000 - ColBreakz
0%
JeyzorCastleElectrodynamix
0%
Experience Dcataclysm 1xStep
0%
ZenthicAlphaCatacombClubstep
0%
pg1004cautionBack On Track
0%
Waffl3xChainsawSphero - Xtrullor
0%
MasK463Chains of SpacetimeClubstep
0%
MrCheeseTigrrChaoticClubstep
0%
TheRealDarnocClubdropClubstep
0%
-ClubflowClubstep
0%
-Club of romexStep
0%
ZenthicAlphaClubstepDynamixElectrodynamix
0%
SumsarClubWorldClubstep
0%
-ClutterFactoryClutterfunk
0%
LyodClutterStepClubstep
0%
EDSJustinCode RedClutterfunk
0%
ZyzyxColorNovaSupernova - Xtrullor
0%
DangerKatCombo Ambition-Sky Fortress- by Waterflame
0%
MorphiznCombo Breaker-Combo Breaker- by Waterflame
0%
HyenadaComodoComodo - BoomKitty
0%
TheRealRowConfuZionConfuzzled - MrKoolTrix
0%
LemonsCool BananasOkiba Crackdown - Bossfight
0%
RealZoberCopperHeadShowdown - xKore
0%
DarwinCosmic DimensionCosmic Dreamer - Djjaner
0%
CdlAwesomeMeCosmic dreamerCosmic Dreamer by Djjaner
0%
ReunomiCountercurse MantraMandragora - Miyolophone
0%
-CrazyCan't Let Go
0%
FunnyGameCrazy BoltClutterfunk
0%
Luna Moonlitcrazy cpace 3Clubstep
0%
crepuscoleCrepusculeDynamixElectrodynamix
0%
f3lixsramCroissantIn The Tigers Den - Schtiffles
0%
CastriXCrunchy Town IIThe Maze Of Mayonnaise - Bossfight
0%
ZenthicAlphaCrystal CavernTheory of Everything
0%
ZenthicAlphaCybericDemonClutterfunk
0%
tunar98cyber paradiseTime Machine
0%
MulpanDanZmenUltimate Rider - whiscaskaat
0%
ZoroaDark Abyss~:Lunar Abyss:~ - lchavasse
0%
JeyzorDark ParkClubstep
0%
F5nightDarkSideXtrullor - Samsara
0%
styro2Dark StarDark Star Dance (M LPiT)
0%
Nicki1202Dark Star CoreChaoz Fantasy Romos Remix
0%
- (Hint: opposite
of lightstep)
DarkstepClubstep
0%
TheRealDarnocDark TramuiaClutterfunk
0%
TheRealDarnocDarnocDynamixElectrodynamix
0%
Experience Ddawns roomxStep
0%
ThisIsPailynddaysTheory of Everything
0%
DanolexDeadLineThe Furious - DuoCore
0%
XaroDeadly ImpactSupernova - Xtrullor
0%
ZenthicAlphaDeathGatexStep
0%
-demon forestTheory of Everything
0%
SUOMIDemonic UpriseUprise - EnV
0%
-Demon Park RemixClutterfunk
0%
NiTro451Demon ShadeSystem Split - F-777
0%
elemelondemon stepxStep
0%
CirtraxDescendDune - CreoMusic
0%
DanzmenDespacito OMG OwOLeaves & Flowers - whiscaskaat
0%
BurstStardestiny of birthCan't Let Go
0%
xMiseryDetonationDetonate - csx42gaming
0%
LemonsDevastation- Cord Cutter - by BoomKitty
0%
DudexDevelopmentAdust - Bossfight
0%
distorttDigital ComboShredageddon - BoomKitty
0%
VENZADigital CyclesCycles
0%
nampacDilationSnowfall - MafiaPineapple
0%
MasK463DimensionalPolargeist
0%
PunkySoulDimension MachineTime Machine
0%
PanDisarrayFira - Asleep On The Horizon
0%
PISDistant StarsPolargeist
0%
JerkRatDistinctiveGears of a King - DJtheSdotcom
0%
f3lixsramDIVERGENCEDexarson - Bipolar (Bossfight Remix)
0%
-D of EythingTheory of Everything
0%
f3lixsramDreamy AbyssRENAISSANCE - Omnivore
0%
ViPriNDualityPolarity - Stratales
0%
PandudeXmasSummit - CreoMusic
0%
ViPriNDuetCycles
0%
zZoomksDynamic SystemEvli Whiskey - Canonblade
0%
-eacker hacker V2Cycles
0%
SaabSEclipseInsurgent [MSb] (NGADM) - GrantBowtie
0%
WulzyEgo DeathEgo Death - Xtrullor
0%
ViPriNElectric FlareElectrodynamix
0%
Rabb2telectric offline-Lightspeed- by Waterflame
0%
MrNeonElectro ClubbinClubstep
0%
EtzerELECTRODISE-API- Paradise on E (Remix)
0%
GlittershroomElectrodromeClubstep
0%
Nico99ElectrodromeForsaken Neon - Dimrain47
0%
MyinusElectroDynamixElectroman Adventures
0%
DashtrictElectrodynamixerElectrodynamix - dj-Nate
0%
SumsarElectronic DemonElectrodynamix
0%
ReYzenElectronomiumElectron - ForeverBound
0%
-Electro randElectroman Adventures
0%
MyinusElement 54 XeBack On Track
0%
Experience Delement 74 LAClutterfunk
0%
AutoNIckElzekoDr Wilys Stage 1 (Remix) - Bossfight
0%
dongchiEnd LineEnd of the World - Tagiito
0%
AutoNickEnergeticA New Energy - F-777
0%
NetvideoEnergy BoostDr Wilys Stage 1 (Remix) - Bossfight
0%
Magic SquareEquinoxJumper
0%
ericys1EricysDynamixElectrodynamix
0%
s1napticoEscape Area 51Sinusoidal Depleneration - Duffany1
0%
LuxiGDEtherealMescalink - Bossfight
0%
DoramiEvolution NightEvolution of Music - dj-Nate
0%
ericys1ExtremeDynamixElectrodynamix
0%
RabbiticalExtreme FantasyClutterfunk
0%
MorceFate of NinjaShuriken - Panda Eyes X FYER
0%
netherFinal Battle-Final Battle- by Waterflame
0%
FlukesterFinalCode-Endgame- by Waterflame
0%
emiliaxfirefallClubstep
0%
yllieeFirepowerFirepower - Dr. Phonics
0%
TheSuperbotFlappy WeirdClutterfunk
0%
JeyzorForbiddenBack On Track
0%
TrueNatureForce NetworkClubstep
0%
ViPriNForteCan't Let Go
0%
titaniumFrom Dusk Till DawnTheory of Everything
0%
f3lixsramFulguranceArcade - ColBreakz
0%
JayuffFunP4R7Y-1997 (Short Version) - megawolf77
0%
Experience Dfunk spiritClutterfunk
0%
AeonairFunkStepClubstep
0%
noobasfunk worldClutterfunk
0%
SkittenFusion FlareClutterfunk
0%
Rob BuckFuture of ClubstepTheory of Everything
0%
LemonsGeometric DimensionGeometrical Dominator
0%
MinesapGigas ShockedClubstep
0%
Experience DGlacial sanctuaryGlitch Gremlin - Bossfight
0%
LunarSimgGlitteringClubstep
0%
- (Hint: when you
are having a dark
morning)
Gloomy MorningCycles
0%
DanzmenGluttonYNexus - Dexarson Vs Charlie Zane
0%
DanzmenGotta Go FASTSonic Blaster - F-777
0%
- (Hint: this level
is GREEN)
GREEN DEMONClutterfunk
0%
MaJackOGrindCoreLets Get Down (Dubstep) - DJT3chnic
0%
StevenKsttleGuThrieShining Space (VIP) - Sharks
0%
StevenKsttleGuThrie IIShining Space - Sharks
0%
ElEcmEtAlGw LuxemburgTheory of Everything
0%
MaJackOGW RussiaOperation: Evolution - Dimrain47
0%
RealHaHaHAHahaha Insane MapClutterfunk
0%
ZyzyxHazardous SanctuaryInstant Reaction - Xtrullor
0%
Gloutihell valleyWILAY - Nykk
0%
OSIRIS GDHexaForceHexagon Force
0%
TheRealDarnocHextec FlowJumper
0%
JghostHomicideCall the PoPo - dj-Nate
0%
Experience Dhonor stepClubstep
0%
OwkeenHorizon ZeroThis Game RmX Off Vocal - dj-Jo
0%
rafer300hot purZuitHot Pursuit - EliteFerrex
0%
JayuffHuakaiDigital zombie - Noisysundae
0%
Ggb0yHyper FantasySuper Hyper Can Can - Rek3dgeGMD
0%
LemonsHyperFluxRefraction - lemons
0%
DangerKatHyper Force-Hexagon Force- by Waterflame
0%
-ice caveCycles
0%
-IceStreamClubstep
0%
T3KUIcICleFacTOrYElectroman Adventures
0%
TriPodXImmortalsOrogenesis (Original Mix) - KaixoMusic
0%
balliImpetuousDesperado - OfficialNovacore
0%
MrZiedZImpudenceIsogon (Original Mix) - KaixoMusic
0%
CirtraxImpulse DropQuixotic (Original Mix) - KaixoMusic
0%
startorinfinite circlesInfinite Power - TheFatRat
0%
SpectexInfinite RunSound of Infinity - F-777
0%
WodInfinitudeSound of Infinity - F-777
0%
- (Hint: Welcome
to the 8-9* club)
insane clubClubstep
0%
SaabSInsideStay Inside Me - OcularNebula
0%
WintterInsidiouSInsidious - ALESDA!
0%
ZoroaInspirativeLost it All - Zyzyx
0%
ChlorinesInundationFlux Point (Original Mix) [Cloudburst EP] - KaixoMusic
0%
Squall7InvasiveMantis Shrimp Showdown
0%
Enzorei PromiseNero - Promises (SKYWRD remix)
0%
AutoNickiSparkiPower Trip - BoomKitty
0%
SamohtKaoSKarma (feat. Albert Hyrnen) - Xtrullor
0%
MasK463KatapultxStep
0%
LachelnLachelnThe Scrap Boy OFF VOCAL - steampianist
0%
Fury0313Lanthanium---Steel Terror--- Acid-Notation
0%
Mylonlast hopeThis Game RmX Off Vocal - dj-Jo
0%
SoulzGamingLast Judgementhalo4remix.com - dj-Nate
0%
DemonMKerLazer DegreeCycles
0%
HannLazuriteRun Away - cloudfield
0%
-Legend of AndromedaxStep
0%
LemonsLemonade-Clutterfunk 2- by Waterflame
0%
ArystaLemuriaDreams - Namice
0%
PwnzifiedLiberationLevel One - DJStriden
0%
-Lightning worldClutterfunk
0%
Experience DLights speedElectrodynamix
0%
noobasline landCycles
0%
SirHadokenLockdownRobot Language - meganeko
0%
N R GLost Dunes-DuneRiders- by Waterflame
0%
f3lixsramLucidumNirmiti - Xtrullor
0%
-Lucky dice V 1Theory of Everything
0%
iIFrostIiLust-Ricochet Love- by Waterflame
0%
AeonAirMADHOUSEClubstep
0%
ZenthicAlphaMadLazorElectrodynamix
0%
GrenAdeMagic LabFairydust - Rukkus
0%
ShutterMagnitudeSnowfall - MafiaPineapple
0%
kudabeMaleficentBack On Track
0%
JirkMalFunctionNowise - Bossfight
0%
Sh3RIFFOM A T R I XBase After Base
0%
FunnyGameMaximum RiskTime Machine
0%
NukeNachoMeatGrinder-The Shredder- by Waterflame
0%
NukeNachoMeatMelterBeast Mode - dexarson
0%
RoiMoustiMeat RushLockout - Lockyn
0%
legitshotMechanical DriveShowdown - CreoMusic
0%
ZenthicAlphaMechanic DownforceClubstep
0%
ItzMezzoMelodic RhythmCatalyze - Kolkian
0%
CairoXMetal GenesisGenesis - MafiaPineapple
0%
CodexMicrocosmMicrocosm - Geoplex
0%
YunHaSeu14Midnight Club PartyClubstep
0%
AutoNickMii ChannelMii Channel - (GalacticPenguinz Remix)
0%
tunar98militaryClutterfunk
0%
SilverSoulMonster CityElectrodynamix
0%
raferMonsterfestSanctuary - EnV
0%
iBurgerMonstrosityTheory of Everything
0%
Experience Dmoon adventureCan't Let Go
0%
Experience DMoon adventure 4Shaolin Warrior - F-777
0%
FlorentNemesisShots Fired (Mafia Pineapple Remix)
0%
AmidonNeon DriveLet's Stomp! - F-777
0%
-Neon DynamicsElectrodynamix
0%
AeonAirneon sawbladeTheory of Everything
0%
netherNethercoreSinusoidal Depleneration - Duffany1
0%
-Nether stepClubstep
0%
PlatnuuNew Age BlizzardFrozen Caves of Camanis - winKoneR
0%
N R GNewVilleCrystal Tokyo - Fantomenk & meganeko
0%
AxilsNitronic BlitzSalvation - CosmicDeejay
0%
ViPriNNocturneRecursive Glee - OcularNebula
0%
PenttagramNoirRed Shift - Cubed
0%
noobasnoobaman adventuresElectroman Adventures
0%
noobasnoobas adv 3 unrealJumper
0%
noobasNoobastepClubstep
0%
JabbagrulloOblivionClubstep
0%
sparkObliviousOblivion (Feat. Lola Blanc) - TheFatRat
0%
SpawnOFFlinexStep
0%
YendisOpacHolography - garlagan
0%
JaxOperationCan't Let Go
0%
LemonsOrange JuiceGlacier Galaxy - EEK! + Lockyn
0%
emiliaxOUTSTEELClubstep
0%
ZenthicAlphaOver DirectionCycles
0%
Experience DoverdriveDry Out
0%
DanzmenPaCDexarson - Rampage (ColBreakz Remix)
0%
IsikiIParadigmReverie - Xtrullor
0%
DhafinParallel Run-Run!- by Waterflame
0%
RabbiticalParallel WorldPolargeist
0%
MulpanPartiDoraFunnyMulBoomerang - garlagan
0%
HavokParty CrasherPartyt r Igng! - Bossfight
0%
Iid4sh3riIpartyt r igngPartyt r Igng! - Bossfight
0%
ZenthicAlphaPhantom StepClubstep
0%
Megaman9PhosphorusPounce - Azazal
0%
AirForcePiccadilly circusJourney (Future Bass) - BurgeraX
0%
JeyzorPixel ParadeElectroman Adventures
0%
LemonsPoint BlankNock Em - Bossfight
0%
LeocreatorXPolar beatDexarson - Bipolar (Bossfight Remix)
0%
LaZyePoltergeistPoltergeist - Rukkus
0%
ChiandPopCornPUNYASO - Popcorn (ColBreakz Remix)
0%
vismuthprohibited prisonTime Machine
0%
Aeonairproject EXCycles
0%
Experience Dpromptness starPolargeist
0%
Hyper314PropelSlap Squad - Dexarson
0%
JeyzorProsperityHappyyyy~!! (HappyGTR mix)
0%
LemonsProximityTime to Oil Up (Hakans Theme)
0%
RoXionPunk HazardElectrodynamix
0%
MrCheeseTigrrRadioactive DemonClubstep
0%
DarwinRadioCutter-RadioCutter- by Waterflame
0%
Experience Drapid lightningClutterfunk
0%
Torch121Rapid RushFamily - SpazeMusic
0%
-RatstepClubstep
0%
TrueChaosRebirthInfernoplex - Dimrain47
0%
PauzeRed{Rose} Remastered - cornandbeans
0%
MyinusRed RootBeginning of Time {RmX} - dj-Nate
0%
GeoSlam1RelentlessThe Dark - Schtiffles
0%
FunnyGameRequiemCycles
0%
ZenthicAlphaRestricted AreaTime Machine
0%
niremasitRevolutionNuetronium - BlackHole12
0%
JacobROsoRewiredGlitch City - MafiaPineapple
0%
BlazeJcyRiotClutterfunk
0%
LarsenRip itRip it - Xtrullor
0%
Alexcontrotten coreRotten Core (Original Mix) - DirtyPaws
0%
-Ruined PlanetTime Machine
0%
SH3RIFFOR U I N SSupernova - Xtrullor
0%
ZoroaRuSHZedd - Spectrum | Remix - PotencY
0%
RustleRustles ReactionInstant Reaction - Xtrullor
0%
OSIRIS GDSaguaroSaguaro - BoomKitty
0%
LemonsSahara-DuneRiders- by Waterflame
0%
OSIRIS GDSAKKARAMorocco - Step
0%
BronksSanSan33% - Schtiffles
0%
DanzmenS c r e a M322 - CreoMusic
0%
-seeker of demonStereo Madness
0%
AngelismSentinel~EnV~Heaven Rd. 2 (NG mix)
0%
motleyorcShiFtDOCTOR VOX - Level Up (Argofox)
0%
Sikatsukashifted patternsVigor - AeronMusic
0%
softableSkyLand-Orr- Soaring in the Stars
0%
TheRealDarnocSky RealmTime Machine
0%
FaultSolar SplitSystem Split - F-777
0%
WhirlSoul FeederBattle of Marx -stealthXG
0%
Riky2610SourCreamSourcream - AeronMusic
0%
SUOMISpace CirclesSpaceman - Rukkus
0%
D0meRSpace ClubClubstep
0%
f3lixsramSpace MeowMeowter Space - Tryple & Azazal
0%
AzuretheCatSpacial RendThe Final Phase - Darkmetroidomega
0%
-SpArTaClutterfunk
0%
MikyFCSpeed of EnergyA New Energy - F-777
0%
ZenthicAlphaSpiralDynamixElectrodynamix
0%
MasK463StarQuakeStereo Madness
0%
TheRealDarnocSteam ChamberClubstep
0%
SubwooferSteel ButterflyOxytoxic - DarkBlueFX
0%
neigefeustigmaThe Scrap Boy OFF VOCAL - steampianist
0%
WhirlStyXAdust - Bossfight
0%
SirHadokenSummit-Village up north- by Waterflame
0%
JayuffSupercalifragilisticBeat-em Up - GalaxyUnknown
0%
Rob BuckSupreme Lab OriginsTheory of Everything
0%
MasK463SurrealismTheory of Everything
0%
MinesapSystem BreakElectrodynamix
0%
JayuffTaimiridrag me with you - Zooloo75
0%
taliaTeam XTeam A - MadhouseDUDE
0%
LeX97Technical Rush---Steel Terror--- Acid-Notation
0%
TerronTemporiumTaut Strings - Schtiffles
0%
OSIRIS GDthe challengeRobTop - Random Song 06 (NeXuS RMX)
0%
ThisIsPailynthe end gateElectroman Adventures
0%
alkalithe fairydustFairydust - Rukkus
0%
JonathanGDThe FarewellInfinite Dungeon 1 & 2 (1f1n1ty Remix)
0%
JerkRatThe FlightTheory of Everything
0%
MasK463The Last ShowdownClutterfunk
0%
AltinThe Last ZoneRobotnik Rave Party - MixerProductions
0%
dudleyThe MassacreThe massacre (chipsounds) - Fantomenk
0%
CarterN2000The MegastormThis Isn't Science Rocket (2015 Edition) - F-777
0%
MaJackOTheory of EX v2Theory of Everything
0%
Klafternotheory of FuriousThe Furious - DuoCore
0%
-Theory of InfinityTheory of Everything
0%
LyodTheory of somethingTheory of Everything
0%
DemonBestGGTheory ParkTheory of Everything
0%
Rek3dgeTheoryStepTheory of Everything
0%
Experience Dthe pulseTheory of Everything
0%
ElisioneThe Reign Of MoiraHowl - Gaero
0%
ZenthicAlphaThunder InteractionTime Machine
0%
ZenthicAlphaTimes Of RevolutionCan't Let Go
0%
-TM Super Hard MixTime Machine
0%
jcttrance impactChaoz Impact - ParagonX9
0%
PauzeTranscendenceReminiscence - Kayoszx
0%
xcy7TRANSITTheory of Everything 2
0%
Experience DTriple flaskFort Flsk - Bossfight
0%
CastriXTwilight DarknessGrim Grinning Ghosts (Feat. CrusherP and Corpse Husband) - TheLivingTombstone
0%
ZenthicAlphaTwilight StepxStep
0%
SuperSNSDTwinkleCan't Let Go
0%
SUOMIUltimate CirclesNK - Nine Circles (Xtrullor Remix)
0%
ZenthicAlphaUltimate DriveClubstep
0%
TonightUltimate DrivingSpeedBreaker - Djjaner
0%
ViPriNUltimatoCycles
0%
WizTicFXUltra TheoryTheory of Everything
0%
ZenthicAlphaUnderFunkClutterfunk
0%
hfcRedUnderworldUnderworld - SpazeMusic
0%
RustamUniversal RemoteSad Machine (Ardor Remix)
0%
ZenthicAlphaUpriseUprise - EnV
0%
GuraNuSUranus FantasyAdventure Fantasy - F-777
0%
YakobNuggetVaporsVapor - Lockyn
0%
balliVehementDune - CreoMusic
0%
OpticalVerveOnce More - F-777
0%
BEkID1442waylessTheory of Everything
0%
GhostwiLd dRivESandstorm - -586rick-
0%
SharkarieWobbliest AppleWobbly Tooth, Crunchy Apple - Bossfight
0%
MinesapWobbly TeethWobbly Tooth, Crunchy Apple - Bossfight
0%
AlkatrazWokajaDivinity - DeadRewind
0%
Experience DWranderingWander of Thought - F-777
0%
T3KUxStep AdvancexStep
0%
CokeXYZ stepxStep
0%
StardevoirYanny-Sky Fortress- by Waterflame
0%
Elisioneyeet of dOOMI Think That If Androids Have Dreams Then They Probably Have Nightmares Too - RainingHotDogs
0%
RustamZafariAfrica calls - EagleGuard
0%
f3lixsramZdoofLost it All - Zyzyx
0%
fayadddZedShuriken - Panda Eyes X FYER
0%

Score Distribution

Percentile by Number Answered

Percent of People with Each Score

Your Score History

You have not taken this quiz since the last reset